000 00309nam a22001457a 4500
008 230517b ||||| |||| 00| 0 eng d
020 _a9780787627997
041 _aeng
080 _a030
082 _a030SAA
100 _a44
101 _aSS
245 _aGREAT MISADVENTURES
_cSAARI.P
942 _2udc
_cBK
999 _c59754
_d59754